Statistics for Deserts in South America

Click here to take the quiz!

General Stats

  • This quiz has been taken 15 times
  • The average score is 2 of 9

Answer Stats

Location Desert % Correct
ChileAtacama Desert
93%
Argentina and ChilePatagonian Desert
53%
VenezuelaLa Guajira
7%
VenezuelaM├ędanos de Coro
0%
Chile and PeruSechura Desert
0%
ArgentinaSalar de Arizaro
0%
ArgentinaSalinas Grandes
0%
ArgentinaMonte Desert
0%
ChileFlowering Desert
0%

Score Distribution

Percentile by Number Answered

Percent of People with Each Score

Your Score History

You have not taken this quiz